|
|
|
|
| LEADER |
00686cam a2200181 i 4500 |
| 020 |
|
|
|a 9780199668496
|
| 082 |
|
|
|a 820.900 1
|b ELA/M
|
| 100 |
1 |
|
|a Elaine Treharne
|9 13084
|
| 245 |
1 |
0 |
|a Medieval literature :
|b a very short introduction /
|c by Elaine Treharne.
|
| 260 |
|
|
|a Oxford:
|b OUP,
|c 2015.
|
| 300 |
|
|
|a 139p.
|b illustrations ;
|
| 490 |
1 |
|
|a Very short introductions
|
| 650 |
|
0 |
|a English Literature
|9 13085
|
| 650 |
|
0 |
|a Literature
|9 13086
|
| 650 |
|
0 |
|a Literature English Medieval Period
|9 13087
|
| 942 |
|
|
|c BK
|
| 999 |
|
|
|c 64547
|d 64547
|
| 952 |
|
|
|0 0
|1 0
|4 0
|6 820_900000000000000_1_ELA_M
|7 0
|9 86032
|a SSUS
|b SSUS
|c STACKS
|d 2017-03-15
|g 225.00
|l 1
|o 820.900 1 ELA/M
|p 083916
|r 2018-07-17
|s 2018-07-03
|w 2017-03-15
|y BK
|